000 00442nam a22001337a 4500
082 _a346.41066
100 _aNyazee, Imran Ahsan Khan
245 _aCompany Law:
_b(Includes Companies Act, 2017) /
_cImran Ahsan Khan Nyazee & M. Ibrahim Abdullah Khan Nyazee
260 _aRawalpindi :
_bFederal Law House,
_c2019.
300 _a1170 p. ;
_c24 cm.
942 _2ddc
_cBK
999 _c587229
_d587229